| Tag |
First Indicator |
Second Indicator |
Subfields |
| LEADER |
00000cam a2200000 4500 |
| 001 |
in00000201014 |
| 005 |
20151009064359.0 |
| 008 |
740916s1961 ilu 00000beng d |
| 010 |
|
|
|a 61005781
|
| 035 |
|
|
|a (OCoLC)01011725
|
| 035 |
|
|
|9 AAY2049AM
|
| 040 |
|
|
|c ITD
|d TXA
|d UtOrBLW
|
| 049 |
|
|
|a TXAM
|c [344156]
|
| 082 |
0 |
|
|a 347/.9973
|
| 090 |
|
|
|a KF8748
|b .M4 1961
|
| 100 |
1 |
|
|a Mendelson, Wallace.
|
| 245 |
1 |
0 |
|a Justices Black and Frankfurter: conflict in the Court.
|
| 264 |
|
1 |
|a [Chicago] :
|b University of Chicago Press,
|c [1961]
|
| 300 |
|
|
|a 151 pages ;
|c 22 cm.
|
| 336 |
|
|
|a text
|b txt
|2 rdacontent
|
| 337 |
|
|
|a unmediated
|b n
|2 rdamedia
|
| 338 |
|
|
|a volume
|b nc
|2 rdacarrier
|
| 600 |
1 |
0 |
|a Black, Hugo LaFayette,
|d 1886-1971.
|
| 600 |
1 |
0 |
|a Frankfurter, Felix,
|d 1882-1965.
|
| 610 |
1 |
0 |
|a United States.
|b Supreme Court.
|
| 650 |
|
0 |
|a Constitutional law
|z United States.
|
| 999 |
|
|
|a MARS
|
| 999 |
f |
f |
|s 742c191a-d22c-3dc3-981a-5e4bf0eff6dc
|i 1f19093a-d1be-362f-9504-d92f7650c4f7
|t 0
|
| 952 |
f |
f |
|p ric
|a Texas A&M University
|b Rellis Campus
|c Joint Library Facility
|d Remote Storage
|t 0
|e KF8748 .M4 1961
|h Library of Congress classification
|i unmediated -- volume
|m A14803196019
|
| 998 |
f |
f |
|a KF8748 .M4 1961
|t 0
|l Remote Storage
|